भारतीय संगीत को महान सगीतज्ञों की देन / (Record no. 119320)

MARC details
000 -LEADER
fixed length control field 01158nam a22002777a 4500
003 - CONTROL NUMBER IDENTIFIER
control field dpl
005 - DATE AND TIME OF LATEST TRANSACTION
control field 20190226133225.0
008 - FIXED-LENGTH DATA ELEMENTS--GENERAL INFORMATION
fixed length control field 190226b ||||| |||| 00| 0 eng d
010 ## - LIBRARY OF CONGRESS CONTROL NUMBER
LC control number B-155419
020 ## - INTERNATIONAL STANDARD BOOK NUMBER
Terms of availability 250.00
035 ## - SYSTEM CONTROL NUMBER
System control number B-155419, B-043306, B-043309
037 ## - SOURCE OF ACQUISITION
Source of stock number/acquisition Cen Lib/Ret
040 ## - CATALOGING SOURCE
Original cataloging agency DPL
Language of cataloging HN
Transcribing agency 0
082 ## - DEWEY DECIMAL CLASSIFICATION NUMBER
Classification number 780.954
Item number चक्रव
100 ## - MAIN ENTRY--PERSONAL NAME
Personal name चक्रवती, कविता
9 (RLIN) 84348
245 ## - TITLE STATEMENT
Title भारतीय संगीत को महान सगीतज्ञों की देन /
Statement of responsibility, etc कविता चक्रवर्ती
246 ## - VARYING FORM OF TITLE
Title proper/short title Bhartiya sangeetogyon ko mahan sageetgyon kiden /
Remainder of title by Kavita Chakrvati
260 ## - PUBLICATION, DISTRIBUTION, ETC. (IMPRINT)
Place of publication, distribution, etc जोधपुर
Name of publisher, distributor, etc राजस्थानी ग्रंथागार
Date of publication, distribution, etc 2004
270 ## - ADDRESS
City जोधपुर
Address सोजती गेट
300 ## - PHYSICAL DESCRIPTION
Extent 150पृ.
Dimensions 20सेमी(सजिल्द )
650 ## - SUBJECT ADDED ENTRY--TOPICAL TERM
Topical term or geographic name as entry element संगीत--भारत
General subdivision
Geographic subdivision
9 (RLIN) 84349
650 ## - SUBJECT ADDED ENTRY--TOPICAL TERM
Topical term or geographic name as entry element महान संगीतकार
9 (RLIN) 84350
650 ## - SUBJECT ADDED ENTRY--TOPICAL TERM
Topical term or geographic name as entry element Music - India
9 (RLIN) 83833
650 ## - SUBJECT ADDED ENTRY--TOPICAL TERM
Topical term or geographic name as entry element Great Composers
9 (RLIN) 84351
942 ## - ADDED ENTRY ELEMENTS (KOHA)
Source of classification or shelving scheme Dewey Decimal Classification
Koha item type Hindi Books
Classification part 780.954
Call number suffix चक्रव
Holdings
Withdrawn status Lost status Damaged status Not for loan Home library Current library Date acquired Source of acquisition Cost, normal purchase price Total Checkouts Full call number Barcode Date last seen Copy number Cost, replacement price Price effective from Koha item type Source of classification or shelving scheme Collection code Public note
        Central Library Central Library 16/09/2015 Cen Lib/Ref 250.00   780.954 चक्रव B-155419 16/09/2015 1 250.00 16/09/2015 Hindi Books      
        Sarojini Nagar Sarojini Nagar 20/11/2018       780.954 चक्रव B-155420 20/11/2018     20/11/2018 Hindi Books Dewey Decimal Classification Non-fiction  
        Sarojini Nagar Sarojini Nagar 20/11/2018       780.954 चक्रव B-043307 20/11/2018     20/11/2018 Hindi Books Dewey Decimal Classification Non-fiction Withdrawn List Prepared List No.37/04
        Shahdara Branch Shahdara Branch 26/02/2019 BPPD/PUB 250.00   780.954 चक्रव B-043306 26/02/2019   250.00 26/02/2019 Hindi Books Dewey Decimal Classification Non-fiction  
        Shahdara Branch Shahdara Branch 26/02/2019 BPPD/PUB 250.00   780.954 चक्रव B-043309 26/02/2019   250.00 26/02/2019 Hindi Books Dewey Decimal Classification Non-fiction  

© Delhi Public Library
Hit Counter
free hit counter